<?xml version="1.0" encoding="UTF-8"?>
<record
    xmlns:xsi="http://www.w3.org/2001/XMLSchema-instance"
    xsi:schemaLocation="http://www.loc.gov/MARC21/slim http://www.loc.gov/standards/marcxml/schema/MARC21slim.xsd"
    xmlns="http://www.loc.gov/MARC21/slim">

  <leader>01263nam0a22003011  4500</leader>
  <controlfield tag="001">rc\77378</controlfield>
  <controlfield tag="005">20251215173120.0</controlfield>
  <datafield tag="010" ind1=" " ind2=" ">
    <subfield code="a">5-86595-109-2</subfield>
    <subfield code="9">50000</subfield>
  </datafield>
  <datafield tag="035" ind1=" " ind2=" ">
    <subfield code="a">(NLR Aleph) 005348115</subfield>
  </datafield>
  <datafield tag="090" ind1=" " ind2=" ">
    <subfield code="a">6766942</subfield>
    <subfield code="c">6766942</subfield>
  </datafield>
  <datafield tag="100" ind1=" " ind2=" ">
    <subfield code="a">20021216d1994    u  y0rusy50      ca</subfield>
  </datafield>
  <datafield tag="101" ind1="0" ind2=" ">
    <subfield code="a">rus</subfield>
  </datafield>
  <datafield tag="102" ind1=" " ind2=" ">
    <subfield code="a">RU</subfield>
  </datafield>
  <datafield tag="105" ind1=" " ind2=" ">
    <subfield code="a">a   |||||||||</subfield>
  </datafield>
  <datafield tag="200" ind1="1" ind2=" ">
    <subfield code="a">&#x428;&#x430;&#x43D;&#x442;&#x430;&#x436;</subfield>
    <subfield code="e">[&#x420;&#x43E;&#x43C;&#x430;&#x43D;&#x44B;</subfield>
    <subfield code="e">&#x424;&#x440;. &#x434;&#x435;&#x442;&#x435;&#x43A;&#x442;&#x438;&#x432;</subfield>
    <subfield code="e">&#x41F;&#x435;&#x440;. &#x441; &#x444;&#x440;.</subfield>
    <subfield code="f">&#x425;&#x443;&#x434;&#x43E;&#x436;. &#x41C;. &#x414;&#x440;&#x430;&#x43A;&#x43E;]</subfield>
  </datafield>
  <datafield tag="210" ind1=" " ind2=" ">
    <subfield code="a">&#x41C;. &#x438; &#x434;&#x440;.</subfield>
    <subfield code="c">&#x418;&#x43D;&#x442;&#x435;&#x440;&#x434;&#x430;&#x439;&#x434;&#x436;&#x435;&#x441;&#x442;</subfield>
    <subfield code="d">1994</subfield>
  </datafield>
  <datafield tag="215" ind1=" " ind2=" ">
    <subfield code="a">342, [7] &#x441;.</subfield>
    <subfield code="c">&#x438;&#x43B;.</subfield>
    <subfield code="d">22</subfield>
  </datafield>
  <datafield tag="225" ind1="1" ind2=" ">
    <subfield code="a">&#x421;&#x443;&#x43F;&#x435;&#x440;</subfield>
    <subfield code="e">&#x41A;&#x440;&#x438;&#x43C;&#x438;&#x43D;&#x430;&#x43B;&#x44C;&#x43D;&#x44B;&#x439; &#x43A;&#x43B;&#x443;&#x431;</subfield>
  </datafield>
  <datafield tag="327" ind1="1" ind2=" ">
    <subfield code="a">&#x421;&#x43E;&#x434;&#x435;&#x440;&#x436;.: &#x428;&#x430;&#x43D;&#x442;&#x430;&#x436; / &#x416;. &#x411;&#x440;&#x44E;&#x441;. &#x41B;&#x438;&#x444;&#x442; &#x43D;&#x430; &#x44D;&#x448;&#x430;&#x444;&#x43E;&#x442; / &#x41D;. &#x41A;&#x430;&#x43B;&#x435;&#x444;. &#x411;&#x435;&#x433; &#x437;&#x430;&#x439;&#x446;&#x430; / &#x421;. &#x416;&#x430;&#x43F;&#x440;&#x438;&#x437;&#x43E;</subfield>
  </datafield>
  <datafield tag="464" ind1=" " ind2="0">
    <subfield code="1">2001#$a&#x428;&#x430;&#x43D;&#x442;&#x430;&#x436;</subfield>
    <subfield code="1">700#1$3RU\NLR\AUTH\770156235$a&#x411;&#x440;&#x44E;&#x441;$b&#x416;.$f1921-1963$g&#x416;&#x430;&#x43D;</subfield>
    <subfield code="t">&#x428;&#x430;&#x43D;&#x442;&#x430;&#x436;</subfield>
    <subfield code="a">&#x411;&#x440;&#x44E;&#x441;, &#x416;&#x430;&#x43D; (1921-1963)</subfield>
  </datafield>
  <datafield tag="464" ind1=" " ind2="0">
    <subfield code="1">2001#$a&#x41B;&#x438;&#x444;&#x442; &#x43D;&#x430; &#x44D;&#x448;&#x430;&#x444;&#x43E;&#x442;</subfield>
    <subfield code="1">700#1$a&#x41A;&#x430;&#x43B;&#x435;&#x444;$b&#x41D;.</subfield>
    <subfield code="t">&#x41B;&#x438;&#x444;&#x442; &#x43D;&#x430; &#x44D;&#x448;&#x430;&#x444;&#x43E;&#x442;</subfield>
    <subfield code="a">&#x41A;&#x430;&#x43B;&#x435;&#x444;, &#x41D;.</subfield>
  </datafield>
  <datafield tag="464" ind1=" " ind2="0">
    <subfield code="1">2001#$a&#x411;&#x435;&#x433; &#x437;&#x430;&#x439;&#x446;&#x430;</subfield>
    <subfield code="1">700#1$a&#x416;&#x430;&#x43F;&#x440;&#x438;&#x437;&#x43E;$b&#x421;.</subfield>
    <subfield code="t">&#x411;&#x435;&#x433; &#x437;&#x430;&#x439;&#x446;&#x430;</subfield>
    <subfield code="a">&#x416;&#x430;&#x43F;&#x440;&#x438;&#x437;&#x43E;, &#x421;.</subfield>
  </datafield>
  <datafield tag="801" ind1=" " ind2="0">
    <subfield code="a">RU</subfield>
    <subfield code="b">NLR</subfield>
    <subfield code="g">psbo</subfield>
  </datafield>
  <datafield tag="801" ind1=" " ind2="1">
    <subfield code="a">RU</subfield>
    <subfield code="b">ELAR</subfield>
    <subfield code="2">rusmarc</subfield>
  </datafield>
  <datafield tag="852" ind1=" " ind2=" ">
    <subfield code="a">NLR</subfield>
    <subfield code="j">94-5/1467</subfield>
  </datafield>
  <datafield tag="942" ind1=" " ind2=" ">
    <subfield code="c">BOOK</subfield>
  </datafield>
  <datafield tag="980" ind1=" " ind2=" ">
    <subfield code="a">NB</subfield>
  </datafield>
  <datafield tag="995" ind1=" " ind2=" ">
    <subfield code="5">2013-10-26</subfield>
    <subfield code="b">NLR01</subfield>
    <subfield code="c">NLR01</subfield>
    <subfield code="e">RF8</subfield>
    <subfield code="f">5348115-10</subfield>
    <subfield code="k">94-5/1467</subfield>
    <subfield code="o">0</subfield>
    <subfield code="r">BOOK</subfield>
    <subfield code="s">9451467_</subfield>
  </datafield>
</record>
